Movies Quiz

Random Movies or Director Quiz

Guillermo del Toro Movies Quiz Stats

 Plays Quiz Updated Dec 8, 2017

Score 0/10 Timer 03:00
2 Plays Today
Year Movie % Correct
2006Pan's Labyrinth
90.1%
2004Hellboy
77.5%
2008Hellboy II: The Golden Army
73.6%
2013Pacific Rim
71%
2017The Shape of Water
70.6%
2001The Devil's Backbone
41.8%
2015Crimson Peak
39.4%
1993Cronos
38.1%
2002Blade II
35.4%
1997Mimic
32.1%

You're not logged in!

Compare scores with friends on all Sporcle quizzes.
OR
Log In

Sporcle TV

Today on Sporcle TV


Watch our educational content, quiz creation guides, and fun videos on Sporcle TV.

Show Comments

Extras

Top Quizzes Today


Score Distribution

Your Account Isn't Verified!

In order to create a playlist on Sporcle, you need to verify the email address you used during registration. Go to your Sporcle Settings to finish the process.

Report this User

Report this user for behavior that violates our Community Guidelines.

Details: